| 000 | 01391nam a2200385Ii 4500 | ||
|---|---|---|---|
| 001 | DIGUAL0181 | ||
| 003 | NyNyDIG | ||
| 006 | m o d | ||
| 007 | cr ||||||||||| | ||
| 008 | 140501s2003 sp a ob 000 0 spa d | ||
| 020 | _z8479087382 | ||
| 020 | _z9788479087388 | ||
| 035 | _a(OCoLC)888249389 | ||
| 040 |
_aDGITA _beng _epn _cDGITA |
||
| 043 | _ae-sp--- | ||
| 050 | 1 | 4 | _aQK956.S7 eBook |
| 100 | 1 | _aJuan Gallardo, Ana. | |
| 245 | 1 | 0 |
_aFlora y vegetación de la Sierra del Cid (Alicante) / _cAna Juan Gallardo y Manuel B. Crespo. |
| 264 | 1 |
_aSan Vicente del Raspeig : _bPublicaciones de la Universidad de Alicante, _c2003. |
|
| 300 |
_a1 online resource (502 pages) : _bill. |
||
| 336 |
_atext _btxt _2rdacontent |
||
| 337 |
_acomputer _bc _2rdamedia |
||
| 338 |
_aonline resource _bcr _2rdacarrier |
||
| 490 | 1 | _aPublicaciones Universidad de Alicante. | |
| 504 | _aIncludes bibliographical references (p. 476-492) and index. | ||
| 650 | 0 |
_aBotany _zSpain _zAlicante (Province) |
|
| 655 | 0 | _aElectronic books. | |
| 700 | 1 | _aCrespo Villalba, Manuel B. | |
| 791 | 2 |
_aDigitalia (Firm), _edistributor. |
|
| 830 | 0 | _aPublicaciones Universidad de Alicante. | |
| 793 | 0 |
_gDigitalia eBook Collection: _aUniv. de Alicante. |
|
| 856 | 4 | 0 |
_3Digitalia Hispánica _uhttps://www.digitaliapublishing.com/a/654/ |
| 910 | _aPremium Collection: 2007-2012 | ||
| 942 | _cRAA | ||
| 999 |
_c229666 _d229666 |
||